BIBLIOTECA PODER JUDICIAL
Portal Judicial TDF

Reglas claras durante el proceso de selección de magistrados/as : (Registro nro. 6069)

000 -LEADER
fixed length control field 01154nab a22002537a 4500
003 - CONTROL NUMBER IDENTIFIER
control field OSt
005 - DATE AND TIME OF LATEST TRANSACTION
control field 20260121005832.0
008 - FIXED-LENGTH DATA ELEMENTS--GENERAL INFORMATION
fixed length control field 190514b xxu||||| |||| 00| 0 spa d
040 ## - CATALOGING SOURCE
Transcribing agency PJ
100 ## - MAIN ENTRY--PERSONAL NAME
9 (RLIN) 6845
Personal name Pereyra, Francisco M.
245 10 - TITLE STATEMENT
Title Reglas claras durante el proceso de selección de magistrados/as :
Remainder of title perspectiva de género e interpretación constitucional /
Statement of responsibility, etc Francisco M. Pereyra, Lucas Adrián Dughetti.
300 ## - PHYSICAL DESCRIPTION
Extent p. 146-155
500 ## - GENERAL NOTE
General note Cita: TR LALEY AR/DOC/978/2024.
505 ## - FORMATTED CONTENTS NOTE
Formatted contents note Sumario: I. Sumario.— II. Análisis de la sentencia.
505 ## - FORMATTED CONTENTS NOTE
Title Fallo comentado: ST Entre Ríos ~ 04/12/2023 ~ B., C. c. Consejo de la Magistratura de Entre Ríos s/ recurso de revisión judicial directo.
650 #0 - SUBJECT ADDED ENTRY--TOPICAL TERM
9 (RLIN) 967
Topical term or geographic name as entry element DERECHO DE FAMILIA
650 #0 - SUBJECT ADDED ENTRY--TOPICAL TERM
9 (RLIN) 1146
Topical term or geographic name as entry element JUECES
650 #0 - SUBJECT ADDED ENTRY--TOPICAL TERM
9 (RLIN) 2142
Topical term or geographic name as entry element DESIGNACION DE JUECES
650 #0 - SUBJECT ADDED ENTRY--TOPICAL TERM
9 (RLIN) 4044
Topical term or geographic name as entry element PERSPECTIVA DE GÉNERO
650 #0 - SUBJECT ADDED ENTRY--TOPICAL TERM
9 (RLIN) 1057
Topical term or geographic name as entry element JURISPRUDENCIA APLICABLE
700 ## - ADDED ENTRY--PERSONAL NAME
9 (RLIN) 4846
Personal name Dughetti, Lucas Adrián
773 0# - HOST ITEM ENTRY
Host Biblionumber 2844
Host Itemnumber 3222
Place, publisher, and date of publication Buenos Aires : AbeledoPerrot, 1989-
Title Derecho de familia. Revista Interdisciplinaria de doctrina y jurisprudencia. Junio 2024-III.
International Standard Book Number 18511201
942 ## - ADDED ENTRY ELEMENTS (KOHA)
Source of classification or shelving scheme
Koha item type Analítica Artículo de Revista

No hay ítems disponibles.

12 de Octubre 789 Ushuaia - Tel:  54(02901)441571
Horario de Atención: 8.00 a 17.00 hs. 
bibliotecaush@justierradelfuego.gov.ar
koha@justierradelfuego.gov.ar
Seguinos en nuestras redes @bibliojustdf 

Con tecnología Koha